Meditaciones sobre la Iglesia (Record no. 171970)

MARC details
000 -LEADER
campo de control de longitud fija 00930nam a2200241 i 4500
001 - NÚMERO DE CONTROL
campo de control 171970
003 - IDENTIFICADOR DE NÚMERO DE CONTROL
campo de control ES-MaACL
005 - FECHA Y HORA DE LA ÚLTIMA TRANSACCIÓN
campo de control 20250808062820.0
008 - DATOS DE LONGITUD FIJA--INFORMACIÓN GENERAL
campo de control de longitud fija 090610s1985 sp |||| | spa d
017 ## - NÚMERO DE COPYRIGHT O DE DEPÓSITO LEGAL
Número de copyright o de depósito legal M 24527-1985
020 ## - NÚMERO INTERNACIONAL ESTÁNDAR DEL LIBRO
Número Internacional Estándar del Libro 84-220-1197-2
100 0# - ENTRADA PRINCIPAL--NOMBRE DE PERSONA
Nombre de persona Francisco de Sales
Títulos y otros términos asociados al nombre Santo.
9 (RLIN) 52194
245 10 - MENCIÓN DEL TÍTULO
Título Meditaciones sobre la Iglesia
Resto del título : (controversias) /
Mención de responsabilidad, etc. San Francisco de Sales ; estudio introductorio y traducción, Valentín Viguera Franco ; prólogo de Antonio Montero.
260 ## - PUBLICACIÓN, DISTRIBUCIÓN, ETC.
Lugar de publicación, distribución, etc. Madrid :
Nombre del editor, distribuidor, etc. La Editorial Católica,
Fecha de publicación, distribución, etc. 1985.
300 ## - DESCRIPCIÓN FÍSICA
Extensión XXIII, 357 p., 1 h. ;
Dimensiones 20 cm.
490 1# - MENCIÓN DE SERIE
Mención de serie Biblioteca de autores cristianos ;
Designación de volumen o secuencia 468
594 ## - Nota al título y mención de responsabilidad
Nota al título y mención de responsabilidad Traducción de : Les controverses.
700 1# - ENTRADA AGREGADA--NOMBRE PERSONAL
Nombre de persona Viguera Franco, Valentín.
9 (RLIN) 140579
700 0# - ENTRADA AGREGADA--NOMBRE PERSONAL
Nombre de persona Montero Moreno, Antonio,
Fechas asociadas al nombre 1928-
9 (RLIN) 82533
830 00 - PUNTO DE ACCESO ADICIONAL DE SERIE-TÍTULO UNIFORME
Título uniforme Biblioteca de autores cristianos
Designación de volumen o secuencia 468
9 (RLIN) 178679
852 ## - LOCALIZACIÓN
Ubicación ES-MaACL
Número de control de estantería J-457
itemnumber R.46092
Holdings
Estatus retirado Estado de pérdida Estado de daño No para préstamo Biblioteca de origen Biblioteca actual Ubicación en estantería Fecha de adquisición Fuente de adquisición Total de préstamos Signatura topográfica completa Código de barras Visto por última vez Precio de reemplazo Tipo de ítem Koha
        Biblioteca del Ateneo de Madrid Biblioteca del Ateneo de Madrid Depósito 2 10/06/2009     J-457 1180475 23/02/2023 23/02/2023 Libro impreso